00327nam a2200109Ia 4500008004100000245007900041260004900120260000900169300001000178500001300188650001600201170224s9999 xx 000 0 und d aFocusing on the negative: Cultural differences in expressions of sympathy. bJournal of Personality and Social Psychology c2014 a107:6 aDecember xPsychology.